000 02909cab a2200301 ab4500
005 20250919063955.0
008 991125s2014 ck fr p o 000 0 spa d
035 _aUPN01000207878
040 _aMX-MxUPN
_bspa
_cMX-MxUPN
_eaacr2
049 _aART-E
100 1 _aGalindo Aldana, Gilberto Manuel
100 1 _ugilberto.galindo.aldana@uabc.edu.mx
100 1 _aPelayo González, Héctor
100 1 _aSolovieva, Yulia
_933804
100 1 _aQuintanar Rojas, Luis
245 1 0 _aRehabilitación neuropsicológica en un caso de afasia motora aferente
_h[recurso electrónico en línea]
506 0 _aAcceso abierto
520 3 _aLas alteraciones derivadas del daño cerebral, como los síndromes afásicos, pueden desencadenar disfunciones en diferentes niveles de la actividad del paciente. La neuropsicología de Luria ha sido la disciplina dedicada a la caracterización funcional y al análisis rehabilitatorio de los síndromes afásicos. Con frecuencia, a este análisis se incorporan datos recogidos con técnicas neurolingüísticas y de neuroimagen (TAC, fMRI). Presentar un método de rehabilitación que, basado en los principios de Luria, demuestre la ventaja de utilizar una evaluación y un programa de rehabilitación relacionados con un diagnóstico para la creación de tratamientos para la afasia motora aferente. Método. Se llevó a cabo un estudio de caso en una paciente de 30 años de edad con reciente evento vascular cerebral, con evaluación pre y postratamiento. La evaluación inicial incluyó el diagnóstico neuropsicológico, para el cual se utilizó una batería de evaluación neuropsicológica para valoración de lenguaje. Durante un periodo de 16 semanas, se aplicó un programa de intervención rehabilitatoria neuropsicológica basado en las dificultades de articulación identificadas durante la evaluación inicial y dividido en un total de cuatro fases, con un objetivo específico cada una. Resultados. Se observó aumento en la habilidad para articular fonemas, disminución en las parafasias literales y un incremento en el lenguaje expresivo verbal del sujeto. Conclusión. La valoración asociada al trastorno de lenguaje específico de afasia motora aferente y el diseño de un tratamiento adecuado a las características de esta alteración ayudaron a corregir las dificultades de punto y modo de articulación observadas en este sujeto, así como a la reorganización de habilidades de pensamiento más complejas.
650 4 _aNeuropsicología
_910531
650 2 _aTrastornos del lenguaje
_913077
650 2 _aAfasia
_92025
653 0 _aRehabilitación neuropsicológica
773 _gVol. 12, no. 2 (2014), p. 97-112
_tPensamiento psicológico
_x1657-8961
856 4 _uhttps://revistas.javerianacali.edu.co/index.php/pensamientopsicologico/article/view/266
902 _aLeonor Sotres
_bLeonor Sotres
905 _aArticulo
942 _cART-E
999 _c179979
_d179979